| 000 | 01129nam a22002177a 4500 | ||
|---|---|---|---|
| 003 | NALT | ||
| 005 | 20220121145834.0 | ||
| 008 | s2545 th tha d | ||
| 020 | _a9741720653 | ||
| 040 | _aNALT | ||
| 041 | _atha | ||
| 050 |
_aHD 9622.T5 _bส785ก 2545 |
||
| 100 | 0 |
_aสุธิดา นิมมานนิตย์ _955721 |
|
| 245 | 1 | 0 |
_aการวัดประสิทธิภาพเพื่อการปรับปรุงอย่างต่อเนื่องของระบบงานจัดซื้อในอุตสาหกรรมปูนซีเมนต์ / _cสุธิดา นิมมานนิตย์. |
| 260 |
_aกรุงเทพฯ : _bจุฬาลงกรณ์มหาวิทยาลัย, _c2545 |
||
| 300 |
_a122 หน้า : _bตาราง ; _c30 ซม. |
||
| 650 | 0 | 4 | _aอุตสาหกรรมปูนซีเมนต์ -- การจัดซื้อ -- วิจัย |
| 650 | 0 | 4 | _aอุตสาหกรรมปูนซีเมนต์ -- วิจัย |
| 850 | _aNALT | ||
| 942 |
_cRSH _2lcc |
||
| 999 |
_c45605 _d45605 |
||
| 998 |
_j109 _k อารีรัตน์ วิชาช่าง |
||